| 000 | 00970nam a2200313 a 4500 | ||
|---|---|---|---|
| 001 | 40873 | ||
| 003 | BD-RjUL | ||
| 005 | 20211209053305.0 | ||
| 008 | 160511s1981 ilu 001 0 eng | ||
| 020 | _a0853657335 | ||
| 035 | _aMITb10125894 | ||
| 035 | _a(OCoLC)07452872 | ||
| 035 | _a(BD-RjUL)40989 | ||
| 040 |
_aDLC _cDLC _dCHS _dOCL _dMYG _dBD-RjUL _beng |
||
| 041 | _aeng | ||
| 082 |
_222 _a025.32 _bGOC 1981 |
||
| 099 | _aZ694.G64 | ||
| 100 | 1 |
_aGorman, Michael, _d1941- _9125790 |
|
| 245 | 1 | 4 |
_aThe concise AACR2 : _bbeing a rewritten and simplified version of Anglo-American cataloguing rules / _cprepared by Michael Gorman. |
| 250 | _a2nd ed. | ||
| 260 |
_aNew Delhi : _bOxford & IHB publishing, _c1981. |
||
| 300 |
_aix, 164 p. ; _c23 cm. |
||
| 500 | _aIncludes index. | ||
| 650 | 0 |
_aDescriptive cataloging _vRules. _9125791 |
|
| 730 | 0 |
_aAnglo-American cataloguing rules. _9125851 |
|
| 942 |
_2ddc _cBK |
||
| 999 |
_c40873 _d40873 |
||